=LDR 00000nam 2200000 4500 =001 INLIS000000000002401 =005 20130612090735 =008 ***********************************Ind** =035 ##$$0010-061300000002401 =041 ##$$a Ind =082 ##$$a 92(Sukarno) =090 ##$$a 92(Sukarno), Sud c =100 ##$$a Sudibyo, Agus =245 ##$$a Citra Bung Karno, analisis berita pers orde baru, Agus Sudibyo =260 ##$$a 1999 $b Yogyakarta =300 ##$$a xxiii,248 hlm, 21 cm =650 ##$$a Sukarno =850 ##$$a NBPNMAT